000 00685nam a2200289Ia 4500
005 20260324133208.0
008 008 260324s9999 xx 000 0 eng d
020 _a9780429471551
037 _aEBOOK
040 _aCRL
040 _beng
040 _cCRL
041 _2eng
041 _aeng
084 _qCRL
100 _aHamish Canham
_91192150
245 0 _aAcquainted with the Night
245 0 _bPsychoanalysis and the Poetic Imagination
260 _bTaylor and Francis
260 _c2003
365 _a
365 _b180
856 _uhttp://www.taylorfrancis.com/books/9780429471551
942 _cEBOOK
999 _c1790990
_d1790990